00739nam a2200145Ia 4500008004100000020001800041100002400059245003600083260003900119650002100158650026000179856004500439999001900484952009000503171212s9999 xx 000 0 und d a9780874215731 aProbasco, Christian cProbasco, ChristianaHighway 12 bUniversity Press of Coloradoc2005 aAmerican Studies aUtah -- Guidebooks; Utah -- Description and travel; United States Highway 12 -- Guidebooks; Automobile travel -- Utah -- Guidebooks; Grand Staircase-Escalante National Monument (Utah) -- Description and travel; Bryce Canyon National Park (Utah) -- Descrip uwww.jstor.org/stable/10.2307/j.ctt46nwtp c353085d353085 001040aCLbCLd2017-12-12l0oF824.3.P76 2005r2017-12-12 00:00:00w2017-12-12yCBE